[Event "POL-chT 2nd League"]
[Site "Jastrzebia Gora"]
[Date "2019.09.08"]
[Round "2.20"]
[White "Szymczak, Rafal"]
[Black "Siedlinski, Piotr"]
[Result "0-1"]
[WhiteElo "1845"]
[BlackElo "2062"]
[PlyCount "80"]
[EventDate "2019.09.07"]
[EventType "team-swiss"]
[EventRounds "9"]
[EventCountry "POL"]
[SourceTitle "EXT 2020"]
[Source "ChessBase"]
[SourceDate "2019.10.17"]
[SourceVersion "1"]
[SourceVersionDate "2019.10.17"]
[SourceQuality "1"]
[WhiteTeam "Skoczek Trojanski"]
[BlackTeam "Jaworzno"]
[WhiteTeamCountry "POL"]
[BlackTeamCountry "POL"]

1. d4 d5 2. Nf3 e6 3. Bg5 Nf6 4. e3 Be7 5. Nbd2 0-0 6. Bd3 c5 7. c3 Nc6 8. 0-0 b6 9. Rc1 Bb7 10. Bb1 Rc8 11. Re1 Qc7 12. Qc2 g6 13. Qa4 c4 14. Bf4 Qd7 15. Qc2 Nh5 16. Bh6 Rfe8 17. e4 f5 18. exf5 exf5 19. Nf1 Bd6 20. Ng3 Nf6 21. Rxe8+ Rxe8 22. Re1 Rxe1+ 23. Nxe1 Qe7 24. Nf3 Ne4 25. Qc1 Bc8 26. Bf4 b5 27. Bxd6 Nxd6 28. Qe1 Qxe1+ 29. Nxe1 b4 30. Ne2 a5 31. Bc2 Ba6 32. Ba4 Bb5 33. Bxb5 Nxb5 34. f3 a4 35. Kf2 b3 36. axb3 cxb3 37. Nd3 Na5 38. Nef4 Nxc3 39. bxc3 a3 40. Nxd5 a2 0-1

[Event "POL-chT 2nd League"]
[Site "Jastrzebia Gora"]
[Date "2015.09.07"]
[Round "3.34"]
[White "Siedlinski, Piotr"]
[Black "Gradowski, Jacek"]
[Result "1-0"]
[WhiteElo "2072"]
[BlackElo "2137"]
[PlyCount "109"]
[EventDate "2015.09.05"]
[EventType "team-swiss"]
[EventRounds "9"]
[EventCountry "POL"]
[SourceTitle "EXT 2017"]
[Source "ChessBase"]
[SourceDate "2016.10.25"]
[SourceVersion "1"]
[SourceVersionDate "2016.10.25"]
[SourceQuality "1"]
[WhiteTeam "Jaworzno JKSz MCKiS"]
[BlackTeam "Lodz Okucia Budowlane"]
[WhiteTeamCountry "POL"]
[BlackTeamCountry "POL"]

1. e4 e5 2. Nf3 Nc6 3. Nc3 Nf6 4. d4 exd4 5. Nxd4 Bb4 6. Nxc6 bxc6 7. Bd3 Qe7 8. 0-0 0-0 9. Qf3 h6 10. Bd2 Rb8 11. Rae1 d6 12. Qg3 Nh5 13. Qf3 Qh4 14. e5 g5 15. Re4 g4 16. Qe2 d5 17. g3 Qe7 18. Rxg4+ Bxg4 19. Qxg4+ Ng7 20. Bxh6 Qxe5 21. Bf4 Qe6 22. Qh4 f5 23. Ne2 Be7 24. Qh3 c5 25. Bxc7 Rxb2 26. Nf4 Qf7 27. Be5 Rb6 28. g4 Bf6 29. Bxf6 Rxf6 30. g5 Rb6 31. g6 Rxg6+ 32. Nxg6 Qxg6+ 33. Kh1 c4 34. Be2 f4 35. Bf3 Rf5 36. Rg1 Qf6 37. Qg2 d4 38. Bd5+ Kh8 39. Qh3+ Nh5 40. Be4 Rg5 41. Rxg5 Qxg5 42. Bf3 d3 43. cxd3 c3 44. Bxh5 Kg7 45. Bd1 Qe5 46. Qg2+ Kh6 47. Qe4 Qc7 48. Bc2 Kg5 49. d4 Qc4 50. Qf5+ Kh4 51. Qxf4+ Kh5 52. Qf5+ Kh4 53. Qf6+ Kg4 54. Bd1+ Kh3 55. Qh6# 1-0

[Event "POL-chT2"]
[Site "Poronin"]
[Date "2013.09.12"]
[Round "6.23"]
[White "Chalupnik, Marcin"]
[Black "Siedlinski, Piotr"]
[Result "1-0"]
[WhiteElo "2195"]
[BlackElo "2092"]
[PlyCount "57"]
[EventDate "2013.09.06"]
[EventType "team-swiss"]
[EventRounds "9"]
[EventCountry "POL"]
[SourceTitle "EXT 2015"]
[Source "ChessBase"]
[SourceDate "2014.11.20"]
[SourceVersion "1"]
[SourceVersionDate "2014.11.20"]
[SourceQuality "1"]
[WhiteTeam "Warszawa YMCA"]
[BlackTeam "Jaworzno JKSz MCKiS"]
[WhiteTeamCountry "POL"]
[BlackTeamCountry "POL"]

1. e4 d5 2. exd5 Qxd5 3. Nc3 Qa5 4. Nf3 c6 5. Bc4 Nf6 6. Qe2 e6 7. 0-0 Bd6 8. d4 0-0 9. Bg5 Nbd7 10. Rad1 Qc7 11. Rfe1 Bf4 12. Bh4 Nd5 13. Ne4 N5b6 14. Bd3 e5 15. g3 Bh6 16. Be7 exd4 17. Bxf8 Nxf8 18. Nxd4 c5 19. Nb5 Qc6 20. Nbd6 Be6 21. Nc4 Nd5 22. Ne5 Qc7 23. Ng4 Bxg4 24. Qxg4 Ng6 25. Bf1 Nb6 26. f4 Rf8 27. Qf5 c4 28. Qc5 Qb8 29. Nd6 1-0

[Event "POL-chT 2nd League"]
[Site "Lazy"]
[Date "2012.09.08"]
[Round "8"]
[White "Smagalski, Slawomir"]
[Black "Siedlinski, Piotr"]
[Result "1/2-1/2"]
[WhiteElo "2028"]
[BlackElo "2092"]
[PlyCount "52"]
[EventDate "2012.09.01"]
[EventType "team-swiss"]
[EventRounds "9"]
[EventCountry "POL"]
[SourceTitle "EXT 2019"]
[Source "ChessBase"]
[SourceDate "2018.10.10"]
[SourceVersion "1"]
[SourceVersionDate "2018.10.10"]
[SourceQuality "1"]
[WhiteTeam "Konin Hetman"]
[BlackTeam "Jaworzno JKSz MCKiS"]
[WhiteTeamCountry "POL"]
[BlackTeamCountry "POL"]

1. Nf3 d5 2. c4 e6 3. g3 Nf6 4. Bg2 Be7 5. 0-0 0-0 6. d4 Nbd7 7. b3 c6 8. Nbd2 Qc7 9. Bb2 Re8 10. Qc2 c5 11. e3 b6 12. Rac1 Ba6 13. Rcd1 Rac8 14. dxc5 Bxc5 15. cxd5 Nxd5 16. Ng5 Nf8 17. Bxd5 exd5 18. Ndf3 f6 19. Nh3 Rxe3 20. Qf5 Re2 21. Bd4 Qf7 22. Nf4 Ree8 23. Bxc5 bxc5 24. Qxd5 Qxd5 25. Rxd5 c4 26. bxc4 Rxc4 1/2-1/2

[Event "Rewal op-A 17th"]
[Site "Rewal"]
[Date "2012.08.29"]
[Round "8"]
[White "Orzech, Dominik"]
[Black "Siedlinski, Piotr"]
[Result "1/2-1/2"]
[WhiteElo "2407"]
[BlackElo "2092"]
[PlyCount "22"]
[EventDate "2012.08.20"]
[EventType "swiss"]
[EventRounds "9"]
[EventCountry "POL"]
[SourceTitle "CBM 150 Extra"]
[Source "ChessBase"]
[SourceDate "2012.10.19"]
[SourceVersion "1"]
[SourceVersionDate "2012.10.19"]
[SourceQuality "1"]

1. e4 d5 2. exd5 Qxd5 3. Nc3 Qa5 4. d4 Nf6 5. Nf3 Bf5 6. Bc4 e6 7. 0-0 c6 8. Re1 Be7 9. Qe2 Qc7 10. Bg5 0-0 11. Rad1 Nbd7 1/2-1/2

[Event "Rewal op-A 17th"]
[Site "Rewal"]
[Date "2012.08.22"]
[Round "2"]
[White "Adamowicz, Maciej"]
[Black "Siedlinski, Piotr"]
[Result "1-0"]
[WhiteElo "1969"]
[BlackElo "2092"]
[PlyCount "80"]
[EventDate "2012.08.20"]
[EventType "swiss"]
[EventRounds "9"]
[EventCountry "POL"]
[SourceTitle "CBM 150 Extra"]
[Source "ChessBase"]
[SourceDate "2012.10.19"]
[SourceVersion "1"]
[SourceVersionDate "2012.10.19"]
[SourceQuality "1"]

1. c4 e6 2. Nf3 d5 3. g3 Nf6 4. Bg2 Be7 5. 0-0 0-0 6. b3 c5 7. cxd5 exd5 8. d4 Ne4 9. Bb2 Bf6 10. Nbd2 Nc6 11. Ne5 Nxd4 12. e3 Nxd2 13. Qxd2 Bxe5 14. exd4 Bxd4 15. Bxd4 cxd4 16. Qxd4 Be6 17. Rfd1 Qd6 18. Rd2 Rfd8 19. Rad1 Rd7 20. Bxd5 Rad8 21. Qxa7 Qb4 22. a3 Qc3 23. Rd3 Qe5 24. Bxe6 Rxd3 25. Rxd3 Qe1+ 26. Kg2 Qe4+ 27. Rf3 fxe6 28. Qe3 Qd5 29. Qf4 h6 30. Qc4 Qxc4 31. bxc4 Rc8 32. Rc3 Rc5 33. Kf3 Kf7 34. Ke3 b6 35. Kd3 Ra5 36. Rb3 Kf6 37. Kd4 Ra4 38. Rxb6 Rxa3 39. Rb2 Ke7 40. Rc2 Ra1 1-0

[Event "Rewal op-A 17th"]
[Site "Rewal"]
[Date "2012.08.21"]
[Round "1"]
[White "Siedlinski, Piotr"]
[Black "Malaniuk, Vladimir P"]
[Result "0-1"]
[WhiteElo "2092"]
[BlackElo "2523"]
[PlyCount "58"]
[EventDate "2012.08.20"]
[EventType "swiss"]
[EventRounds "9"]
[EventCountry "POL"]
[SourceTitle "CBM 150 Extra"]
[Source "ChessBase"]
[SourceDate "2012.10.19"]
[SourceVersion "1"]
[SourceVersionDate "2012.10.19"]
[SourceQuality "1"]

1. e4 e5 2. Nc3 Nf6 3. f4 d5 4. fxe5 Nxe4 5. d3 Nxc3 6. bxc3 d4 7. Nf3 Nc6 8. cxd4 Bb4+ 9. Bd2 Bxd2+ 10. Qxd2 Nxd4 11. c3 Nxf3+ 12. gxf3 0-0 13. d4 c5 14. Bc4 Be6 15. Bb3 cxd4 16. cxd4 Bxb3 17. axb3 f6 18. Qe3 fxe5 19. dxe5 Qh4+ 20. Kf1 Rf5 21. Ra4 Qh3+ 22. Kf2 Raf8 23. f4 Qg4 24. Rg1 Rxf4+ 25. Ke1 Qh4+ 26. Qg3 Rxa4 27. bxa4 Qe4+ 28. Kd2 Rd8+ 29. Kc3 Rc8+ 0-1

[Event "Rewal op-A 16th"]
[Site "Rewal"]
[Date "2011.08.20"]
[Round "2"]
[White "Mlodzinska, Irena"]
[Black "Siedlinski, Piotr"]
[Result "1/2-1/2"]
[WhiteElo "1926"]
[BlackElo "2078"]
[PlyCount "74"]
[EventDate "2011.08.19"]
[EventType "swiss"]
[EventRounds "9"]
[EventCountry "POL"]
[SourceTitle "CBM 144 Extra"]
[Source "ChessBase"]
[SourceDate "2011.10.28"]
[SourceVersion "1"]
[SourceVersionDate "2011.10.28"]
[SourceQuality "1"]

1. e4 c5 2. Nf3 e6 3. Nc3 Nc6 4. g3 d5 5. exd5 exd5 6. d4 Nf6 7. Bg2 c4 8. 0-0 Be7 9. h3 0-0 10. Ne2 Ne4 11. Ne5 f5 12. Kh2 Be6 13. Nf4 Qd6 14. Nxc4 dxc4 15. Nxe6 Qxe6 16. d5 Qf6 17. dxc6 Qxc6 18. Qe2 Bf6 19. c3 Rfe8 20. Qf3 g6 21. Be3 Qb5 22. Rab1 Rad8 23. Rfd1 b6 24. Qe2 Qc6 25. Qc2 Rxd1 26. Rxd1 Qe6 27. Qa4 Re7 28. Bf1 Rc7 29. Bf4 Rc8 30. f3 Ng5 31. Bxg5 Bxg5 32. Rd4 Qe3 33. Bxc4+ Kg7 34. Qd7+ Kh6 35. Qxc8 Qf2+ 36. Kh1 Qxf3+ 37. Kh2 Qf2+ 1/2-1/2